[Event "SLO-CupT"]
[White "Trebusak, Anton"]
[Black "Skrinjar, Matic"]
[Site "Komenda"]
[Round "3.4"]
[Result "0-1"]
[Date "2018.06.02"]
[WhiteElo "1795"]
[BlackElo "2058"]
[PlyCount "64"]
[EventDate "2018.06.01"]
[EventType "team-swiss"]
[EventRounds "5"]
[EventCountry "SLO"]
[SourceTitle "EXT 2020"]
[Source "ChessBase"]
[SourceDate "2019.10.17"]
[SourceVersion "1"]
[SourceVersionDate "2019.10.17"]
[SourceQuality "1"]
[WhiteTeam "Komenda Popotnik"]
[BlackTeam "Nova Gorica"]
[WhiteTeamCountry "SLO"]
[BlackTeamCountry "SLO"]

1. d4 Nf6 2. Nf3 e6 3. g3 c5 4. Bg2 Nc6 5. 0-0 d5 6. Bg5 h6 7. Bxf6 Qxf6 8. c3 Bd6 9. Re1 0-0 10. Na3 a6 11. Nc2 b5 12. e4 dxe4 13. Rxe4 Bb7 14. Re3 Rfd8 15. Qe2 cxd4 16. Nfxd4 Nxd4 17. cxd4 Bxg2 18. Kxg2 Rac8 19. Rc3 Qf5 20. Ne1 Qd5+ 21. Nf3 Rxc3 22. bxc3 Rc8 23. Qe3 Qc4 24. Rc1 Qxa2 25. Ne5 Qd5+ 26. Kh3 Bxe5 27. dxe5 a5 28. f4 a4 29. g4 Rc4 30. g5 hxg5 31. fxg5 Re4 32. Qg3 Qxe5 0-1

[Event "SLO-CupT"]
[White "Trebusak, Anton"]
[Black "Coklin, Marko"]
[Site "Portoroz"]
[Round "1"]
[Result "0-1"]
[Date "2016.03.11"]
[WhiteElo "1946"]
[BlackElo "2203"]
[PlyCount "76"]
[EventDate "2016.03.11"]
[EventType "team-swiss"]
[EventRounds "5"]
[EventCountry "SLO"]
[SourceTitle "EXT 2019"]
[Source "ChessBase"]
[SourceDate "2018.10.10"]
[SourceVersion "1"]
[SourceVersionDate "2018.10.10"]
[SourceQuality "1"]
[WhiteTeam "Komenda"]
[BlackTeam "Radenska Pomgrad"]
[WhiteTeamCountry "SLO"]
[BlackTeamCountry "SLO"]

1. d4 Nf6 2. Nf3 g6 3. g3 Bg7 4. Bg2 0-0 5. 0-0 c5 6. d5 e6 7. c4 exd5 8. cxd5 d6 9. Nc3 a6 10. a4 Re8 11. Nd2 Nbd7 12. Nc4 Ne5 13. Nxe5 Rxe5 14. e4 Re8 15. h3 Rb8 16. Qd3 Qc7 17. b3 Nd7 18. Bf4 Ne5 19. Bxe5 Bxe5 20. Rac1 Bd7 21. Kh2 b5 22. axb5 axb5 23. f4 Bd4 24. Ne2 Bg7 25. f5 Qd8 26. Qf3 Be5 27. f6 Ra8 28. Rf2 h6 29. h4 Ra3 30. Rcf1 Kh7 31. Bh3 c4 32. Nc1 Bxh3 33. Kxh3 cxb3 34. Nxb3 Qc8+ 35. Kh2 Qc4 36. h5 Qxb3 37. hxg6+ fxg6 38. f7 Rf8 0-1

[Event "SLO-chT Central Superliga 16th"]
[White "Racnik, Tone"]
[Black "Trebusak, Anton"]
[Site "Slovenia"]
[Round "2.3"]
[Result "1/2-1/2"]
[Date "2015.09.17"]
[WhiteElo "2023"]
[BlackElo "1946"]
[PlyCount "66"]
[EventDate "2015.09.10"]
[EventType "team-tourn"]
[EventRounds "9"]
[EventCountry "SLO"]
[SourceTitle "EXT 2022"]
[Source "ChessBase"]
[SourceDate "2021.10.06"]
[SourceVersion "1"]
[SourceVersionDate "2021.10.06"]
[SourceQuality "1"]
[WhiteTeam "Vrhnika"]
[BlackTeam "Komenda Pogi"]
[WhiteTeamCountry "SLO"]
[BlackTeamCountry "SLO"]

1. e4 c6 2. d4 d5 3. e5 e6 4. Bd3 c5 5. c3 Nc6 6. Ne2 cxd4 7. cxd4 Nb4 8. Nbc3 Nxd3+ 9. Qxd3 Bd7 10. a3 Ne7 11. 0-0 Qb6 12. b4 Rc8 13. Bd2 Nf5 14. g4 Nh4 15. Ng3 Qxd4 16. Qxd4 Nf3+ 17. Kg2 Nxd4 18. Rab1 Nb5 19. Nxb5 Bxb5 20. Rfc1 Rxc1 21. Rxc1 Bc4 22. Nh5 Kd7 23. f4 Be7 24. Kf3 g6 25. Nf6+ Bxf6 26. exf6 h5 27. g5 Rc8 28. Ke3 Rc6 29. a4 Ra6 30. a5 Rc6 31. Bc3 Bb5 32. Bb2 Bc4 33. Bc3 a6 1/2-1/2

[Event "SLO-chT Central Superliga 16th"]
[White "Trebusak, Anton"]
[Black "Debevec, Blaz"]
[Site "Slovenia"]
[Round "1.2"]
[Result "0-1"]
[Date "2015.09.10"]
[WhiteElo "1946"]
[BlackElo "2154"]
[PlyCount "62"]
[EventDate "2015.09.10"]
[EventType "team-tourn"]
[EventRounds "9"]
[EventCountry "SLO"]
[SourceTitle "EXT 2022"]
[Source "ChessBase"]
[SourceDate "2021.10.06"]
[SourceVersion "1"]
[SourceVersionDate "2021.10.06"]
[SourceQuality "1"]
[WhiteTeam "Komenda Pogi"]
[BlackTeam "Komenda Popotnik"]
[WhiteTeamCountry "SLO"]
[BlackTeamCountry "SLO"]

1. d4 d6 2. c4 e5 3. dxe5 dxe5 4. Qxd8+ Kxd8 5. Nc3 c6 6. e4 Be6 7. Be3 Kc7 8. 0-0-0 f6 9. Kc2 Nd7 10. Be2 b6 11. g3 a5 12. f4 Bc5 13. Bxc5 Nxc5 14. fxe5 fxe5 15. Nf3 Nf6 16. Nxe5 Rhe8 17. Rhf1 Bh3 18. Nd3 Bxf1 19. Rxf1 Ncxe4 20. Bf3 Nxc3 21. Kxc3 Rad8 22. Rd1 Re3 23. Bg2 Ne4+ 24. Bxe4 Rxe4 25. Rd2 Re3 26. a3 c5 27. Kc2 Rd4 28. b3 a4 29. bxa4 Rxc4+ 30. Kb3 Rd4 31. Kc2 c4 0-1

[Event "SLO-chT Central 1st League 14th"]
[White "Hrescak, Ivana"]
[Black "Trebusak, Anton"]
[Site "Slovenia"]
[Round "3.1"]
[Result "1/2-1/2"]
[Date "2013.10.10"]
[WhiteElo "1847"]
[BlackElo "1967"]
[PlyCount "66"]
[EventDate "2013.09.19"]
[EventType "team-swiss"]
[EventRounds "9"]
[EventCountry "SLO"]
[SourceTitle "EXT 2022"]
[Source "ChessBase"]
[SourceDate "2021.10.06"]
[SourceVersion "1"]
[SourceVersionDate "2021.10.06"]
[SourceQuality "1"]

1. d4 d5 2. c4 c6 3. Nf3 Nf6 4. Nc3 e6 5. Bg5 Be7 6. e3 0-0 7. Rc1 a6 8. c5 Nbd7 9. Bd3 Nh5 10. Bxe7 Qxe7 11. Ne5 Qg5 12. g4 Nxe5 13. dxe5 f5 14. gxh5 f4 15. exf4 Qxf4 16. Rc2 Qxe5+ 17. Qe2 Qg5 18. h4 Qf6 19. Na4 e5 20. Nb6 Rb8 21. Nxc8 Rbxc8 22. Rd2 e4 23. Bb1 Rcd8 24. Qe3 Qe7 25. h6 g6 26. Qd4 Rf5 27. Re2 Qf8 28. Qg7+ Qxg7 29. hxg7 Kxg7 30. Rh3 Rdf8 31. Rb3 R8f7 32. Rg3 Kh6 33. Rg2 Rf4 1/2-1/2

[Event "SLO-chT Central 1st League 12th"]
[White "Trebusak, Anton"]
[Black "Butala, Marjan"]
[Site "Slovenia"]
[Round "8.1"]
[Result "1/2-1/2"]
[Date "2011.10.11"]
[WhiteElo "1966"]
[BlackElo "2074"]
[PlyCount "23"]
[EventDate "2011.09.08"]
[EventType "team-tourn"]
[EventRounds "9"]
[EventCountry "SLO"]
[SourceTitle "EXT 2022"]
[Source "ChessBase"]
[SourceDate "2021.10.06"]
[SourceVersion "1"]
[SourceVersionDate "2021.10.06"]
[SourceQuality "1"]
[WhiteTeam "Komenda DU"]
[BlackTeam "Trzin Buscotrade"]
[WhiteTeamCountry "SLO"]
[BlackTeamCountry "SLO"]

1. d4 d5 2. Nf3 Nf6 3. Bf4 e6 4. e3 c5 5. c3 Nc6 6. Bd3 Be7 7. 0-0 0-0 8. Nbd2 b6 9. Ne5 Bb7 10. Qe2 Rc8 11. Rac1 c4 12. Bb1 1/2-1/2

[Event "SLO-chT Central 1st League 11th"]
[White "Trebusak, Anton"]
[Black "Racnik, Tone"]
[Site "Slovenia"]
[Round "9.2"]
[Result "1-0"]
[Date "2010.11.21"]
[WhiteElo "1972"]
[BlackElo "1840"]
[PlyCount "103"]
[EventDate "2010.09.09"]
[EventType "team-tourn"]
[EventRounds "9"]
[EventCountry "SLO"]
[SourceTitle "EXT 2022"]
[Source "ChessBase"]
[SourceDate "2021.10.06"]
[SourceVersion "1"]
[SourceVersionDate "2021.10.06"]
[SourceQuality "1"]
[WhiteTeam "Komenda DU"]
[BlackTeam "Vrhnika II"]
[WhiteTeamCountry "SLO"]
[BlackTeamCountry "SLO"]

1. d4 f5 2. Nf3 e6 3. c4 Nf6 4. Nc3 Be7 5. g3 0-0 6. Bg2 d6 7. 0-0 c6 8. Qc2 d5 9. b3 Bd7 10. Bf4 Be8 11. Rac1 Na6 12. Rfd1 Rc8 13. Qb2 Nh5 14. Be5 Nb8 15. e3 Nd7 16. Ne2 g5 17. h3 g4 18. hxg4 fxg4 19. Nh2 Ndf6 20. Nf4 Qd7 21. Qe2 Nxf4 22. exf4 h5 23. f3 Bg6 24. fxg4 hxg4 25. Nxg4 Nxg4 26. Qxg4 Kf7 27. Kf2 Rg8 28. Qe2 Bd6 29. Re1 Qe7 30. Bh3 Rce8 31. c5 Bxe5 32. Qxe5 Rh8 33. Rh1 Qf6 34. Rce1 Be4 35. Qxf6+ Kxf6 36. Bg2 Kf5 37. Bxe4+ dxe4 38. Ke3 Reg8 39. Rxh8 Rxh8 40. Re2 Rh3 41. Rg2 b6 42. b4 bxc5 43. bxc5 a5 44. a4 Kg4 45. Kxe4 Rh1 46. Ke5 Rd1 47. Kxe6 Rxd4 48. f5 Rd5 49. f6 Rxc5 50. f7 Rf5 51. Rc2 Kg5 52. Rc5 1-0

[Event "SLO-chT Central 1st League 11th"]
[White "Novakovic, Gosto"]
[Black "Trebusak, Anton"]
[Site "Slovenia"]
[Round "3.2"]
[Result "1/2-1/2"]
[Date "2010.09.30"]
[WhiteElo "1700"]
[BlackElo "1972"]
[PlyCount "76"]
[EventDate "2010.09.09"]
[EventType "team-tourn"]
[EventRounds "9"]
[EventCountry "SLO"]
[SourceTitle "EXT 2022"]
[Source "ChessBase"]
[SourceDate "2021.10.06"]
[SourceVersion "1"]
[SourceVersionDate "2021.10.06"]
[SourceQuality "1"]
[WhiteTeam "Zelenci LPP"]
[BlackTeam "Komenda DU"]
[WhiteTeamCountry "SLO"]
[BlackTeamCountry "SLO"]

1. e4 c6 2. Nf3 d5 3. exd5 cxd5 4. d4 Nf6 5. Be2 Bf5 6. 0-0 e6 7. Nh4 Bg6 8. Nxg6 hxg6 9. Bf4 Nc6 10. Nc3 a6 11. a3 Qb6 12. Be3 Bd6 13. g3 Qc7 14. b4 Nxb4 15. Qd2 Nc6 16. Rfb1 b5 17. Bf3 Na5 18. Qd3 Rc8 19. Bd2 Nc4 20. Ne2 0-0 21. Bb4 Rfd8 22. c3 e5 23. Bg2 e4 24. Qd1 Qd7 25. a4 g5 26. axb5 axb5 27. Ra6 Rc6 28. Rba1 Bxb4 29. cxb4 Qd6 30. Rxc6 Qxc6 31. Qc1 Nh7 32. Nc3 Rc8 33. Bh3 Re8 34. Ra7 e3 35. Bd7 Qf6 36. Bxe8 Qxf2+ 37. Kh1 Qf3+ 38. Kg1 Qf2+ 1/2-1/2

[Event "SLO-chT1 West"]
[White "Zupancic, Urban"]
[Black "Trebusak, Anton"]
[Site "Ljubljana"]
[Round "2.5"]
[Result "1-0"]
[Date "2010.09.25"]
[WhiteElo "1920"]
[BlackElo "1972"]
[PlyCount "80"]
[EventDate "2010.09.24"]
[EventType "team-tourn"]
[EventRounds "9"]
[EventCountry "SLO"]
[SourceTitle "CBM 138 Extra"]
[Source "ChessBase"]
[SourceDate "2010.10.29"]
[SourceVersion "1"]
[SourceVersionDate "2010.10.29"]
[SourceQuality "1"]
[WhiteTeam "Novo Mesto Krka"]
[BlackTeam "Komenda"]
[WhiteTeamCountry "SLO"]
[BlackTeamCountry "SLO"]

1. e4 c6 2. d4 d5 3. e5 Bf5 4. Nc3 e6 5. g4 Bg6 6. Nge2 Bb4 7. Be3 Nd7 8. a3 Ba5 9. Qd2 Qc7 10. f4 h5 11. f5 exf5 12. g5 Ne7 13. b4 Bb6 14. Nf4 Nf8 15. h4 Ne6 16. Bg2 Qd7 17. 0-0 Bc7 18. Qd3 Rd8 19. Nce2 b6 20. Rad1 c5 21. bxc5 bxc5 22. dxc5 Bxe5 23. Qa6 Bxf4 24. Nxf4 Nxf4 25. Bxf4 0-0 26. c4 d4 27. c6 Qc8 28. Qb5 a6 29. Qb6 Rfe8 30. c7 Rd7 31. Bb7 Rd6 32. Bxd6 Qe6 33. Rfe1 Qxc4 34. Bxe7 d3 35. Bg2 f4 36. Qc6 Qd4+ 37. Kh1 Rc8 38. Bc5 Qc3 39. Re8+ Kh7 40. Rxc8 Qc2 1-0